000 00543aam a2200205 4500
001 7372
003 Uk
005 20250620113615.0
006 m || d |
007 cr |||||||||||
008 040401s2004 enka ob 001 0 eng
020 _a0862324645
082 0 4 _a305.4 THO
100 1 _aThorbek, Susanne.
245 1 0 _aVoices from the city:
_b women of Bangkok.
260 _aLondon :
_bZed Books Ltd.,
_c1997.
300 _a140 p. :
_bill, :
_c25 cm.
504 _aIncludes bibliographical references and index.
942 _2ddc
_cMAIN
999 _c10403
_d10404